01013nam a2200241 a 450000100100000000500170001000800410002704000250006808200150009310000290010824500510013726000790018830000280026765000220029565000320031765000230034965000370037265000250040965000230043495201130045795201840057099900170075400001711220240502121040.0100317s19uu dr a r 000 0 spa d aDO-SdBNPbspacBNPHU a630bP643a1 aPilonero, Rosario93770810aAgronomía y agricultura /cRosario Pilonero. aLa Vega, República Dominicana :bInstituto Técnico Salesiano,c[190?]. a275 p. :bil. ;c27 cm. 0aAgricultura92309 4aQuímica agrícola937709 4aAgronomía937710 4aMeteorología agrícola937711 4aArboricultura922218 4aHorticultura91879 0010718PDaPDbPDcHDd2010-03-17iLF1l0o630 P643ap17112-10r2020-06-25w2020-06-25yLFPDZNo se presta 0010718PDaPDbPDcHDd2019-07-03iLF1l0o630 P643ap17112-20r2020-06-25te.2w2020-06-25yLFPDzPerteneció a la biblioteca personal de la familia Reyes Duluc.ZNo se presta c16638d16638